The Victorian theatre ; a survey.

Bibliographic Details
Main Author: Rowell, George
Format: Book
Language:English
Published: London, New York : Oxford University Press, 1956.
Subjects:

MARC

Tag First Indicator Second Indicator Subfields
LEADER 00000cam a2200000 4500
001 in00000732142
005 20151016072307.0
008 711103s1956 enka b 00000 eng u
010 |a  56058249  
035 |a (OCoLC)00168219 
035 |9 ADE6513AM 
040 |c AKR  |d TXA  |d UtOrBLW 
049 |a TXAM  |c [273362] 
050 0 |a PN2594  |b .R65 
092 |a 792.0942  |b R881v 
100 1 |a Rowell, George. 
245 1 4 |a The Victorian theatre ;  |b a survey. 
264 1 |a London,  |a New York :  |b Oxford University Press,  |c 1956. 
300 |a xiii, 203 pages :  |b illustrations ;  |c 23 cm. 
336 |a text  |b txt  |2 rdacontent 
337 |a unmediated  |b n  |2 rdamedia 
338 |a volume  |b nc  |2 rdacarrier 
504 |a "Play-list, 1792-1914": pages 151-157. "A bibliography of the English theatre, 1792-1914": pages 159-189. 
650 0 |a Theater  |z England  |x History. 
650 0 |a English drama  |y 19th century  |x History and criticism. 
650 0 |a Theater  |z England  |x Bibliography. 
999 |a MARS 
999 f f |s 25fb6fa3-5977-3ed5-90ba-d202527fb832  |i 3f235b5f-f99c-3e57-9c31-a2e2de2e80ae  |t 0 
952 f f |p ric  |a Texas A&M University  |b Rellis Campus  |c Joint Library Facility  |d Remote Storage  |t 0  |e PN2594 .R65  |h Library of Congress classification  |i unmediated -- volume  |m A14801179914 
998 f f |a PN2594 .R65  |t 0  |l Remote Storage